000 00870nam a2200253 a 4500
001 BRCA_7201
005 20190320205740.0
008 160112s1938----nyu#######---#000-0#eng-#
041 _aeng
044 _anyu
050 4 _aN6535 .N5
_b.A78 1938
100 1 _aGottesman, Rita Susswein
_d1906-
_ecomp.
_917843
245 1 0 _aThe arts and crafts in New York 1726-1776
_badvertisements and news items from New York City newspapers
_cCompiled by Rita S. Gottesman.
260 _aNueva York
_bNew York Historical Society
_c1938
300 _axviii, 450 p.
_c24 cm.
500 _aIncluye índoce alfabético
500 _aP95
600 1 4 _aGottesman, Rita Susswein
_d1906-
_ecomp.
_917843
650 1 4 _aArte
_zNueva York (ciudad)
_917844
650 1 4 _aArtesanias
_zNueva York (ciudad)
_917845
650 1 4 _aArtesanias
_zEstados Unidos
_917846
902 _aGFM
942 _2lcc
_cB
999 _c6882
_d6882